000 00358nam a2200133Ia 4500
008 151213s9999 xx 000 0 und d
100 _aGeoffry M. Ridder
245 _aYork Notes : on Shakespeare Sonnets
_cGeoffry M. Ridder
260 _aHarlow Essex
_bLongman
_c1982
300 _a1870 p.
650 _aEnglish
700 _aGeoffry M. Ridder
999 _c1375
_d1375